Mutalia -e- Rashid / (Record no. 522862)

000 -LEADER
fixed length control field 00424nam a22001457a 4500
005 - DATE AND TIME OF LATEST TRANSACTION
control field 20190125101910.0
008 - FIXED-LENGTH DATA ELEMENTS--GENERAL INFORMATION
fixed length control field 190125b ||||| |||| 00| 0 eng d
040 ## - CATALOGING SOURCE
Transcribing agency DLC
082 ## - DEWEY DECIMAL CLASSIFICATION NUMBER
Classification number 891.439
Author Mark NOO
100 ## - MAIN ENTRY--PERSONAL NAME
Personal name Noori, Dr. Muhammad Fakhar ul Haq
9 (RLIN) 13179
245 ## - TITLE STATEMENT
Title Mutalia -e- Rashid /
Statement of responsibility, etc. Dr. Muhammad Fakhar ul Haq Noori
260 ## - PUBLICATION, DISTRIBUTION, ETC.
Place of publication, distribution, etc. Faisalabad
Name of publisher, distributor, etc. Misal Publishers
Date of publication, distribution, etc. 2010.
300 ## - PHYSICAL DESCRIPTION
Extent 262p. :
Dimensions 25 cm.
942 ## - ADDED ENTRY ELEMENTS (KOHA)
Source of classification or shelving scheme
Koha item type Book
Holdings
Withdrawn status Lost status Source of classification or shelving scheme Damaged status Not for loan Permanent Location Current Location Date acquired Total Checkouts Total Renewals Full call number Barcode Date last seen Date last checked out Price effective from Koha item type
          Central Library (CL) Central Library (CL) 01/25/2019 3 3 891.439 NOO NIT-9616 06/04/2021 04/07/2021 01/25/2019 Book
© 2023 Central Library, National University of Sciences and Technology. All Rights Reserved.